000 01258nam a2200301 a 4500
001 BRCA_2489
005 20190320203832.0
008 211108s1845----sp-a---###---#000-0#spa-u
041 _aspa
044 _asp
084 _a129
_b.M45
_c1845
100 1 _aCervantes Saavedra, Miguel de
_d1547-1616
_9213
245 1 0 _aEl Ingenioso Hidalgo Don Quijote de la Mancha
_ccompuesto por Miguel de Cervantes Saavedra.
250 _a2
260 _aMadrid
_bFrancisco de P. Mellado
_c1845
300 _a2 v.
_bil.
_c17 cm.
440 0 _aBiblioteca popular
_n20
_97182
500 _aContenido : v 1. Primera parte. Dedicatoria del autor. Prólogo del autor. Versos preliminares. Texto. -- v 2. Segunda parte. Dedicatoria del autor. Prólogo del autor. Texto
500 _aReimpresión de la edición del año anterior del mismo editor. Semipiel; lomeras decoradas con adornos dorados Lúdovik Osterc
500 _aQM112
650 1 4 _aNovela española
_yÉpoca clásica, 1500-1700
_9215
650 1 4 _aLiteratura española
_yÉpoca clásica, 1500-1700
_9216
650 1 4 _aNovela española
_ySiglo XVII
_9217
650 1 4 _aDon Quijote (Personaje ficticio)
_eNovela
_9218
740 0 _aEl Ingenioso Hidalgo Don Quijote de la Mancha
902 _aQFM
942 _2lcc
_cB
999 _c2230
_d2230